00668nam a22002177a 4500010001300000020002600013020003200039035001700071035001300088035001300101037002000114037001400134082001100148100002200159245008500181250001200266260005400278270005800332300003900390700002100429 aBAC-CH25 a9781107688872c225.00 a9781107688872c270.00 (AV) aB-556216-252 aG-003177 aB-664622 aDPLbUBH/vendor adpl bBSB a488.24 aMcCarthy, Michael aEnglish vocabulary in use:belementary/cby Michael McCarthy and Felicity O'Dell a2nd ed. bCambridge University Press Indiac2012aNew Delhi a4381/4 Ansari road, Darya Ganj,bDelhie110002, India a174p.:bill.c24cm.(pbk)e1 CD-ROM dO'Dell, Felicity